000 00819nam a2200241 4500
001 127555
003 ES-MaACL
005 20250911062837.0
007 t|
008 070214s1979 sp r ||||1| spa d
100 1 _aRitsos, Yannis.
_997481
245 1 0 _aGrecidad
_b: ; y otros poemas /
_cYannis Ritsos ; traducción de Heleni Perdikidi ; prólogo de Manuel Fernández Galiano ; grabados de Dimitri Perdikidis.
260 _aMadrid :
_bVisor,
_c1979.
300 _a78 p. ;
_c20 cm.
490 1 _aVisor de Poesía ;
_v91
700 1 _aPerdikidi, Heleni.
_990420
700 1 _aFernández-Galiano, Manuel (
_d1918-1988)
_9150962
700 1 _aPerdikidis, Dimitri.
_990421
830 0 _aColección Visor de poesía
_v91
_9177331
852 _aES-MaACL
_jA-10416
_bR.99565
942 _2udc
999 _c127555
_d127555